[Event "St Petersburg Korchnoi Memorial op"]
[Site "St Petersburg"]
[Date "2024.08.18"]
[Round "4"]
[White "Polulyakhov, Oleg Ivan"]
[Black "Ermolaev, Aleksandr"]
[Result "1-0"]
[WhiteElo "1913"]
[BlackElo "1693"]
[PlyCount "81"]
[EventDate "2024.08.17"]
[EventType "swiss"]
[EventRounds "9"]
[EventCountry "RUS"]
[SourceTitle "CBM 221 Extra"]
[Source "ChessBase"]
[SourceDate "2024.09.30"]
[SourceVersion "1"]
[SourceVersionDate "2024.09.30"]
[SourceQuality "1"]

1. e4 c6 2. Nc3 d5 3. Nf3 dxe4 4. Nxe4 Nf6 5. Qe2 Nxe4 6. Qxe4 Qd5 7. Qh4 Qe6+ 8. Be2 Qg6 9. 0-0 Qxc2 10. Re1 e6 11. d3 Be7 12. Bg5 Qc5 13. d4 Bxg5 14. Nxg5 Qf5 15. Bh5 0-0 16. Re5 Qf6 17. Bxf7+ Rxf7 18. Qxh7+ Kf8 19. Qh8+ Ke7 20. Nxf7 Nd7 21. Re3 Qxf7 22. Rg3 g6 23. Qh6 Nf8 24. Rf3 Qg8 25. Qg5+ Ke8 26. Re1 Bd7 27. Re4 Nh7 28. Qc5 b6 29. Qe5 Ke7 30. d5 cxd5 31. Qxd5 Rc8 32. Qd2 Bc6 33. Qb4+ Ke8 34. Rc3 Nf6 35. Re1 Nd5 36. Qd6 Ne7 37. Rxe6 Qg7 38. Rxc6 Rd8 39. Rxe7+ Qxe7 40. Qxe7+ Kxe7 41. g3 1-0

[Event "St Petersburg Korchnoi Memorial op"]
[Site "St Petersburg"]
[Date "2024.08.17"]
[Round "2"]
[White "Polulyakhov, Oleg Ivan"]
[Black "Efimov, Leonid"]
[Result "0-1"]
[WhiteElo "1913"]
[BlackElo "2116"]
[PlyCount "80"]
[EventDate "2024.08.17"]
[EventType "swiss"]
[EventRounds "9"]
[EventCountry "RUS"]
[SourceTitle "CBM 221 Extra"]
[Source "ChessBase"]
[SourceDate "2024.09.30"]
[SourceVersion "1"]
[SourceVersionDate "2024.09.30"]
[SourceQuality "1"]

1. e4 c5 2. Nc3 Nc6 3. Nf3 g6 4. d4 cxd4 5. Nxd4 Bg7 6. Be3 Nf6 7. f3 0-0 8. g4 Qb6 9. Rb1 d5 10. g5 Nxe4 11. fxe4 Bxd4 12. Nxd5 Bxe3 13. Nxb6 Bxb6 14. Bd3 Ne5 15. h3 Be6 16. Qe2 f6 17. Kd2 fxg5 18. Rbf1 Rxf1 19. Rxf1 Bxh3 20. Qh2 Be3+ 21. Ke1 Nxd3+ 22. cxd3 Bxf1 23. Kxf1 Rf8+ 24. Ke1 g4 25. Qe5 g3 26. Qe6+ Rf7 27. Qg4 Bd4 28. e5 Bxe5 29. d4 Bd6 30. Qe4 b6 31. Ke2 Rf4 32. Qd5+ Kg7 33. Ke3 h5 34. a3 a5 35. b4 axb4 36. axb4 Rg4 37. Qg2 Bxb4 38. Kf3 Bd6 39. Qb2 g2 40. d5+ Kh7 0-1